| 000 | 00640nam a2200217 a 4500 | ||
|---|---|---|---|
| 999 |
_c2068 _d2068 |
||
| 001 | 2068 | ||
| 003 | BD-JhCC | ||
| 005 | 20171029163210.0 | ||
| 008 | 171029s1376 bg |||| ||a| 000 0 ben d | ||
| 035 | _a(BD-JhCC)2068 | ||
| 040 |
_aBD-JhCC _dBD-JhCC |
||
| 041 | _aben | ||
| 082 |
_a891.443 _bSEN 1376 |
||
| 100 | _aসেন, সত্যেন | ||
| 245 |
_aবিদ্রোহী কৈবর্ত / _cসত্যেন সেন |
||
| 260 |
_aঢাকা : _bখান ব্রাদার্স এণ্ড কোং, _c1376. |
||
| 300 |
_a274 p. : _c21 cm. |
||
| 650 | _aBengali Novel | ||
| 942 |
_2ddc _cBK |
||